000 01276nam a22002177a 4500
999 _c59086
_d59086
003 Ge_BSU
005 20221122150546.0
008 221122s1977ge xxu||||| |||| 00| 0 geo d
041 _ageo
080 _a821.111-11 ჩ-76
100 _aჩოსერი, ჯეფრი, ავტ.
_915993
245 _aკენტერბერიული მოთხრობები :
_b[პოემა] /
_cჯეფრი ჩოსერი ; თარგმ. ინგლ. გ. ნიშნიანიძისა ; წინასიტყვ. ავტ.: ც. თოფურიძე.
264 _aთბილისი:
_bსაბჭ. საქართველო,
_c1977.
300 _a351 გვ. :
_b1 ფ. პორტრ. ;
_c21 სმ.
440 _aმსოფლიო ლიტერატურის ბიბლიოთეკა. სერია I ; ტ. 16
_915994
653 _aკენტერბერიული მოთხრობები
653 _aმხატვრული ლიტერატურა
700 _aნიშნიანიძე, გ
_eმთარგმნელი
_915995
700 _aთოფურიძე, ც
_eწინასიტყვაობის ავტორი
_915996
942 _2udc
_cBK